Statistiques concernant Culture G Pokémon #8

Cliquez ici pour prendre le quiz!

Statistiques générales

  • Ce quiz a été pris 223 fois
    (94 depuis la dernière actualisation)
  • Le résultat moyen est 22 sur 50

Statistiques - réponses

QuestionRéponse% Correct
Quelle attaque est contenue dans la CS01 ?Coupe
91%
Quel jeu sorti sur Nintendo 64, dont le nom ressemble à celui d'une célèbre application mobile, consiste à photographier des Pokémon ?Pokémon Snap
88%
Quel Pokémon a pour nom américain Bidoof ?Keunotor
85%
Quel objet, indispensable pour apprendre à un Pokémon une attaque oubliée, est souvent tenu par les Lovdisc sauvages ?Écaille Cœur
82%
Quel genre de Tritox ne peut pas évoluer ?Mâle
81%
Comment évolue Nosferalto ?Bonheur
79%
À quel niveau évolue Cradopaud ?37
74%
Quel est le type de Sepiatop ?Ténèbres/Psy
72%
Quelle ville de Hoenn n'est accessible la première fois qu'avec la CS Plongée ?Atalanopolis
71%
De quel Champion d'arène Insécateur est-il le Pokémon de prédilection ?Hector
71%
Quel objet, qui n'est pas une Plaque, augmente de 20% la puissance des attaques de type Électrik lorsqu'il est tenu ?Aimant
69%
Quel Pokémon évolue au niveau 32, en présence d'un Pokémon de type Ténèbres dans l'équipe ?Pandespiègle
66%
Quelle était l'attaque signature de Félinferno, avant d'être disponible en tant que DT en 8G ?Dark Lariat
59%
Quelle attaque, apprise par Steelix ou Denticrisse, diminue de deux crans la Défense de l'adversaire ?Grincement
59%
Aux abords de quel lac de Sinnoh sévit en permanence une tempête de grêle ?Lac Savoir
59%
Quel Pokémon obtient-on après une première évolution au niveau 41, puis une deuxième à l'aide d'une Pierre Nuit ?Lugulabre
59%
Quel oiseau régional, dans sa forme de base, ne ressemble pas à l'oiseau dont le cri a inspiré son nom ?Roucool
59%
Dans les versions 7G, qui est le Capitaine de l'Épreuve du Parc Volcanique ?Kiawe
57%
Comment s'appelle le directeur du chantier naval de Poivressel, auquel il faut livrer le Pack Devon ?Capitaine Poupe
51%
Sur quelle île d'Alola trouve-t-on le village de Lili'i ?Mele-Mele
51%
Quel objet peut-on échanger pour obtenir une Pierre Plante dans les versions Rubis, Saphir, Émeraude, Rubis Oméga et Saphir Alpha ?Tesson Vert
51%
Quel est le numéro de Clamiral dans le Pokédex National ?503
50%
Comment s'appelle l'édifice central d'Illumis, inspiré de la Tour Eiffel ?Tour Prismatique
49%
Quel talent possède un Pokémon capable d'affecter un Noacier avec Toxik ?Corrosion
47%
Qui accompagne Sacha et Ondine à travers les Îles Orange à la place de Pierre ?Jacky
47%
De quel Pokémon Pactole G-Max est-elle la capacité signature ?Miaouss Gigamax
46%
Dans quelle ville de Kalos fabrique-t-on un sablé qui soigne tous les problèmes de statut ?Yantreizh
44%
Quelle est la plus puissante attaque spéciale de type Combat ?Exploforce
43%
Dans le film 5 : Les Héros Pokémon, quel Pokémon se sacrifie pour sauver la ville d'Alto Mare d'une vague gigantesque ?Latios
41%
Dans quelle grotte de Sinnoh, dont l'entrée est située sous la piste cyclable, peut-on rencontrer des Griknot ?Grotte Revêche
38%
Quel Pokémon meurt dans l'épisode SL021 ?Mastouffe
38%
Quel est le taux de capture le plus élevé d'un Pokémon ?255
37%
Comment est appelée en stratégie une attaque telle que Picots, Pics Toxik, Piège de Roc ou Toile Gluante ?Entry Hazard
35%
Combien coûtent deux Hyper Balls dans les versions 7G ?1600 Pokédollars
34%
Quel type d'objet, trouvable à Couronneige, permet de modifier la nature d'un Pokémon ?Aromate
29%
Quel logiciel, lié à la Banque Pokémon, permet d'importer des Pokémon des versions 5G vers les versions 6G ou 7G ?Poké Transfert
29%
Quelle est l'attaque signature de Shifours Style Mille Poings ?Torrent de Coups
29%
Quelle nature diminue l'Attaque Spéciale et augmente la Vitesse ?Jovial
28%
Quelle est la statistique de base d'Attaque Spéciale de Méga-Dracaufeu Y ?159
25%
Quelle est la puissance totale d'une attaque Explosion de Méga-Oniglali ?450
25%
Comment s'appelle le rockeur challenger à la Ligue d'Alola, possédant des Pokémon de type Dragon ?Solane
21%
Quel piège réinitialise les statistiques d'un Pokémon lorsqu'il marche dessus dans la série des Donjon Mystère ?Case Miracle
15%
Quelle attaque permet de transmettre le talent du lanceur à l'adversaire ?Ten-Danse
15%
Quel objet permet de rencontrer et d'affronter Lugia dans les versions SoulSilver et Saphir Alpha ?Glas Tempête
12%
Comment est aussi appelée la saison 5 de l'animé ?La Quête Ultime
10%
Dans quelle forêt de l'Île 6, dans les Îles Sevii, peut-on rencontrer des Scarhino ?Forbuissons
4%
Au cours d'un tournoi de quelle discipline l'Étourvol de Sacha évolue-t-il ?Pokévolanneau
4%
Dans Pokémon Ranger : Nuit sur Almia, quel Pokémon possède la Capacité Terrain Pont Aérien ?Baudrive
3%
Quel groupe, spécialiste des parodies musicales comiques de jeux vidéos, a composé et interprété "I choose you to die", parodie de l'univers Pokémon ?Starbomb
3%
Quel Coordinateur Pokémon, ami d'enfance d'Aurore, est nommé Kenny jusqu'à la saison 11 ?Gilles
1%

Distribution des résultats

Percentile par nombre de réponses

% des personnes avec chaque résultat

Votre développement - résultats

Vous n’avez pas pris ce quiz depuis la dernière actualisation